Quiz sur les villes - Statistiques

Statistiques générales
  • Ce quiz a été pris 166 fois
  • Le résultat moyen est 44 sur 45
Statistiques - réponses
Question Tuile Select % Correct
Dans quel pays est Paris ? Belgique Non
99%
Dans quel pays est Paris ? Chine Non
99%
Dans quel pays est Paris ? Espagne Non
99%
Dans quel pays est Paris ? France Oui
99%
Dans quel pays est Paris ? Irlande Non
99%
Dans quel pays est Paris ? Italie Non
99%
Dans quel pays est Paris ? Maroc Non
99%
Dans quel pays est Paris ? Portugal Non
99%
Dans quel pays est Paris ? Russie Non
99%
Dans quel pays est New York ? Argentine Non
98%
Dans quel pays est Madrid ? Brésil Non
98%
Dans quel pays est New York ? Canada Non
98%
Dans quel pays est Madrid ? Chine Non
98%
Dans quel pays est New York ? Chine Non
98%
Dans quel pays est Madrid ? Espagne Oui
98%
Dans quel pays est New York ? Espagne Non
98%
Dans quel pays est New York ? États-Unis Oui
98%
Dans quel pays est New York ? France Non
98%
Dans quel pays est Madrid ? Italie Non
98%
Dans quel pays est Madrid ? Japon Non
98%
Dans quel pays est New York ? Japon Non
98%
Dans quel pays est New York ? Mexique Non
98%
Dans quel pays est Madrid ? Portugal Non
98%
Dans quel pays est Pékin ? Australie Non
97%
Dans quel pays est Tokyo ? Brésil Non
97%
Dans quel pays est Pékin ? Cambodge Non
97%
Dans quel pays est Tokyo ? Chine Non
97%
Dans quel pays est Pékin ? Chine Oui
97%
Dans quel pays est Pékin ? Espagne Non
97%
Dans quel pays est Madrid ? États-Unis Non
97%
Dans quel pays est Pékin ? États-Unis Non
97%
Dans quel pays est Madrid ? France Non
97%
Dans quel pays est Tokyo ? France Non
97%
Dans quel pays est Pékin ? France Non
97%
Dans quel pays est Tokyo ? Japon Oui
97%
Dans quel pays est Pékin ? Japon Non
97%
Dans quel pays est Madrid ? Mexique Non
97%
Dans quel pays est Tokyo ? Mongolie Non
97%
Dans quel pays est New York ? Royaume-Uni Non
97%
Dans quel pays est Tokyo ? Royaume-Uni Non
97%
Dans quel pays est Pékin ? Royaume-Uni Non
97%
Dans quel pays est Tokyo ? Russie Non
97%
Dans quel pays est Pékin ? Suisse Non
97%
Dans quel pays est Tokyo ? États-Unis Non
96%
Dans quel pays est Tokyo ? Inde Non
96%
Aucun quiz correspondant
Distribution des résultats
% des personnes avec chaque résultat
Percentile par nombre de réponses
Votre historique - résultats
Vous n’avez pas pris ce quiz